00755nam a2200181Ia 4500003000400000005001700004008004100021040000700062041001200069082001600081100006500097245030200162260004100464300001500505365001200520650002300532650001800555OSt20240729154107.0210719s2012 xx 000 0 und d cAL aKannada aK894.4 JANB aJANARDANA BHAT (B)dಜನಾರ್ದನ ಭಟ್ (ಬಿ) aBermaru enadaru? Kannada sahitya mattu tulu aradhanalokada kuritada kelavu lekhanagalubಬೆರ್ಮೆರು ಏನಾದರು? ಕನ್ನಡ ಸಾಹಿತ್ಯ ಮತ್ತು ತುಳು ಆರಾಧನಾಲೋಕದ ಕುರಿತು ಕೆಲವು ಲೇಖನಗಳು aMandyabShri Rama Prakashana.,c2012 avi,180bPB b125cRs aKannada literature aKannada Prose